Let Us C Solutions / (Record no. 467)

000 -LEADER
fixed length control field 00653nam a2200217 a 4500
008 - FIXED-LENGTH DATA ELEMENTS--GENERAL INFORMATION
fixed length control field 190820s2013 ii a|||gd|||| 00| 0 eng d
020 ## - INTERNATIONAL STANDARD BOOK NUMBER
International Standard Book Number 9788183331777
Terms of availability Rs. 270.00
040 ## - CATALOGING SOURCE
Original cataloging agency
Language of cataloging eng
041 0# - LANGUAGE CODE
Language code of text/sound track or separate title eng
044 ## - COUNTRY OF PUBLISHING/PRODUCING ENTITY CODE
MARC country code India
082 04 - DEWEY DECIMAL CLASSIFICATION NUMBER
Edition number 23
Classification number 005.133
Item number K1317
100 1# - MAIN ENTRY--PERSONAL NAME
Personal name Kanetkar, Yashavant
245 10 - TITLE STATEMENT
Title Let Us C Solutions /
250 ## - EDITION STATEMENT
Edition statement 13th rev. ed.
260 ## - PUBLICATION, DISTRIBUTION, ETC. (IMPRINT)
Place of publication, distribution, etc New Delhi :
Name of publisher, distributor, etc BPB Publications,
Date of publication, distribution, etc 2013
300 ## - PHYSICAL DESCRIPTION
Extent 458 p. ;
Dimensions 21 cm.
650 #0 - SUBJECT ADDED ENTRY--TOPICAL TERM
Topical term or geographic name as entry element C (Computer program language)
Form subdivision Textbooks
650 #0 - SUBJECT ADDED ENTRY--TOPICAL TERM
Topical term or geographic name as entry element Computers
Form subdivision Textbooks
650 #0 - SUBJECT ADDED ENTRY--TOPICAL TERM
Topical term or geographic name as entry element Programming languages (Electronic computers)
Form subdivision Textbooks
942 ## - ADDED ENTRY ELEMENTS (KOHA)
Item type Books
Holdings
Withdrawn status Lost status Source of classification or shelving scheme Damaged status Not for loan Collection code Permanent location Current location Shelving location Date acquired Source of acquisition Cost, normal purchase price Full call number Barcode Date last seen Koha item type Public note
          Computer Science IMU Kochi Library IMU Kochi Library General Stacks 2015-04-08 Anand Enterprise ( Inv. No.1751) 270.00 005.133 K1317 BK001236 2019-08-20 Books Gen. Shelf-1, Row-6
          Computer Science IMU Kochi Library IMU Kochi Library General Stacks 2015-04-08 Anand Enterprise ( Inv. No.1751) 270.00 005.133 K1317 BK001237 2019-08-20 Books Gen. Shelf-1, Row-6
          Computer Science IMU Kochi Library IMU Kochi Library General Stacks 2015-04-08 Anand Enterprise ( Inv. No.1751) 270.00 005.133 K1317 BK001238 2019-08-20 Books Gen. Shelf-1, Row-6
          Computer Science IMU Kochi Library IMU Kochi Library General Stacks 2015-04-08 Anand Enterprise ( Inv. No.1751) 270.00 005.133 K1317 BK001239 2019-08-20 Books Gen. Shelf-1, Row-6
          Computer Science IMU Kochi Library IMU Kochi Library General Stacks 2015-04-08 Anand Enterprise ( Inv. No.1751) 270.00 005.133 K1317 BK001240 2019-08-20 Books Gen. Shelf-1, Row-6


Copyright © All Rights Reserved by Indian Maritime University, Kochi Campus.
For any Suggestions/Query Contact to library or Email: library.kochi@imu.ac.in Ph:(0484)-2989402
(Web OPAC Designed by Rudra Ranjan. Maintained by IMU Kochi Library)

Powered by Koha